000 00711nam a2200229Ia 4500
003 OSt
005 20251216123745.0
008 210716s2016 xx 000 0 und d
020 _a9788126559251
040 _cAIMIT LIBRARY
041 _aeng
082 _a006.37
_21
_bNEWB
100 _aNewsome, Bryan.
_9249232
245 _aBeginning visual basic 2015 /
_cBy Bryan Newsome.
250 _a1st ed.
260 _aNew Delhi :
_bWiley India Pvt Ltd ,
_c2016.
300 _axxx,585p. ;
_bPB
_c24 cm
650 _aThe microsoft .net framework
_9249233
650 _aWorking with data structure
_9249234
650 _aAccessing data using strucrured query language
_9249235
942 _2ddc
_cBK
_e1st
_k006.37 NEWB
999 _c195046
_d195046